Comercio internacional: preferencias para los países en desarrollo

Збережено в:
Бібліографічні деталі
Автор: Weintraub, Sidney (Автор)
Формат: Книга
Мова:Іспанська
Опубліковано: Buenos Aires Troquel 1969
Предмети:
Теги: Додати тег
Немає тегів, Будьте першим, хто поставить тег для цього запису!

MARC

LEADER 00000nam a2200000 a 4500
001 UCR8436
003 CL-VaPUC
008 980529e19690000AG |||||||||||||||||spa|d
082 0 4 |a 382  |b WEI  |2 21 
100 0 |a Weintraub, Sidney  |e author  |9 410150 
245 1 0 |a Comercio internacional: preferencias para los países en desarrollo 
300 |a 232 p 
942 |c BK 
945 |d 19980529 00:00:00  |a cmena 
260 |a Buenos Aires  |b Troquel  |c 1969 
650 7 |a COMERCIO INTERNACIONAL  |2 CL-VaPUC  |9 410151 
650 0 |a Políticas económicas  |9 353940 
650 7 |a RELACIONES COMERCIALES  |2 CL-VaPUC  |9 322074 
650 0 |a Aranceles   |9 378565 
650 0 |a Países en desarrollo  |9 259663 
650 0 |a Aduanas  |9 255492 
651 0 |a Estados Unidos  |9 255178 
651 0 |a América Latina   |9 255027 
583 |a last modification  |c 19980529 00:00:00  |k Rodrigo Vera 
999 |c 269841  |d 269839 
952 |0 0  |1 0  |4 0  |6 382_000000000000000_WEI_1969  |7 0  |8 A  |9 303877  |a BIBENE  |b BIBENE  |d 2019-11-20  |i 1406612  |o 382 WEI 1969  |p 1406612  |r 2025-01-15  |w 2019-11-20  |y BK  |k ICO